| 000 | 00748nam a2200205Ia 4500 | ||
|---|---|---|---|
| 003 | GCL | ||
| 008 | 140319s9999 xx 000 0 ara d | ||
| 020 | _a8436086977 | ||
| 040 |
_aGCL / _cGCL |
||
| 082 | 0 | 4 |
_a691 _bا ت |
| 100 | 1 | _aاحمد ابراهيم عطية | |
| 245 | 1 | 0 |
_aتكنولوجيا مواد الاثار : _bالكتاب الاول : مواد البناء / _cاحمد ابراهيم عطية |
| 260 |
_aالقاهرة : _bالدار العالمية للنشر والتوزيع ، _c2004 |
||
| 300 |
_a196 ص ؛ _c25 سم |
||
| 650 | 0 | 4 | _aمواد البناء |
| 650 | 0 | 4 | _aمواد البناء - اختبار |
| 650 | 0 | 4 | _aالطوب الاحمر |
| 650 | 0 | 4 | _aمواد البناء - ضبط جودة |
| 942 |
_2ddc _cBK |
||
| 999 |
_c5966 _d5966 |
||